Basic medical microbiology

Gespeichert in:
Bibliographische Detailangaben
1. Verfasser: Murray, Patrick R
Format: Sách
Sprache:Undetermined
Veröffentlicht: Elsevier 2018
Schlagworte:
Tags: Tag hinzufügen
Keine Tags, Fügen Sie den ersten Tag hinzu!
Thư viện lưu trữ: Trung tâm Thư viện - Trường Đại học Công nghiệp TP. Hồ Chí Minh
LEADER 00465nam a2200157Ia 4500
001 UIH_00260
008 230809s9999 xx 000 0 und d
082 |a 579.2 
100 |a Murray, Patrick R 
245 0 |a Basic medical microbiology 
245 0 |c Murray, Patrick R 
260 |b Elsevier 
260 |c 2018 
650 |a Medical microbiology;Microbiology; 
927 |a Sách 
980 |a Trung tâm Thư viện - Trường Đại học Công nghiệp TP. Hồ Chí Minh